000
00307nam a22001457a 4500
008
210312b ||||| |||| 00| 0 eng d
020
_a
9781571691613
041
_a
eng
080
_2
3rd
_a
004
082
_a
004
100
_a
28
101
_a
SHKI
245
_a
C Primer Plus
_c
Prata, S
942
_2
udc
_c
BK
999
_c
56470
_d
56470